Statistics for Jump between Capitals of Island Countries: Most Isolated from previously listed ones

Click here to take the quiz!

General Stats

  • This quiz has been taken 71 times
  • The average score is 25 of 48

Answer Stats

D1D2CAPITAL CITY% Correct
3,6974,018SAO TOME . sao tome . suva
100%
18,7861,067FUNAFUTI . sao tome . funafuti
83%
9,91011,241HAVANA . funafuti . sao tome
61%
3,2113,388MALE . tokyo . singapore
61%
5,1855,501MANAMA . funafuti . singapore
61%
5,5835,976PORT LOUIS . singapore . funafuti
61%
3,1643,482MELEKEOK . havana . praia
58%
2,1812,334PORT MORESBY . tokyo . melekeok
58%
6,2937,453REYKJAVIK . singapore . sao tome
58%
8,42710,810SINGAPORE . havana . sao tome
58%
2,1012,389TAIPEI . melekeok . port moresby
58%
5,3106,410TOKYO . port louis . sao tome
58%
4,2586,204CANBERRA . sao tome . reykjavik
56%
2,3303,655WELLINGTON . palikir . melekeok
56%
2,6473,901BRIDGETOWN . melekeok . funafuti
53%
2,0402,377DILI . reykjavik . valletta
53%
721814KINGSTON . majuro . yaren
53%
1,8912,089LONDON . port louis . male
53%
1,7873,781MORONI . valletta . manama
53%
1,7091,920NICOSIA . funafuti . port moresby
53%
2,6002,892PALIKIR . canberra . funafuti
53%
1,5562,462PORT-VILA . moroni . port louis
53%
1,5541,734VICTORIA . funafuti . port-vila
53%
9201,054ANTANANARIVO . singapore . bandar seri begawan
50%
4631,497DUBLIN . bridgetown . basseterre
50%
1,2891,402HONIARA . bridgetown . havana
50%
1,1571,256MANILA . majuro . honiara
50%
3,6975,464PRAIA . manama . reykjavik
50%
1,2971,902BANDAR SERI BEGAWAN . port-vila . port moresby
47%
174237KINGSTOWN . kingstown . port-of-spain
47%
1,4601,932MAJURO . singapore . dili
47%
1,5201,769NUKU'ALOFA . palikir . funafuti
47%
1,2611,387SANTO DOMINGO . taipei . bandar seri begawan
47%
3,5833,975VALLETTA . port louis . singapore
47%
9791,249YAREN . moroni . port louis
47%
571780BASSETERRE . havana . kingston
44%
95150CASTRIES
44%
8941,527JAKARTA . nuku'alofa . funafuti
44%
554783NASSAU . london . reykjavik
44%
247475PORT-AU-PRINCE . bridgetown . roseau
44%
95206SAINT JOHN'S . kingstown . roseau
44%
7652,735COLOMBO . nuku'alofa . funafuti
42%
339744PORT-OF-SPAIN . basseterre . bridgetown
42%
262309ROSEAU . santo domingo . kingston
42%
134155SAINT GEORGE'S . basseterre . roseau
42%
7441,067SUVA . santo domingo . havana
42%
661704TARAWA . bridgetown . santo domingo
42%
8861,148APIA . male . singapore
39%

Score Distribution

Percentile by Number Answered

Percent of People with Each Score

Your Score History

You have not taken this quiz